| 000 | 00000nam##2200000za#4500 |
| 001 | 9.700263 |
| 003 | CaOODSP |
| 005 | 20210625000745 |
| 007 | cr ||||||||||| |
| 008 | 150407|2015||||xxc|||||o f|0| 0 eng|d |
| 020 | |a978-1-100-25595-8 |
| 040 | |aCaOODSP|beng |
| 043 | |an-cn--- |
| 086 | 1 |aMR4-38/2015E-PDF |
| 110 | 2 |aCanadian Institutes of Health Research. |
| 245 | 10|aCIHR strategic plan 2014-15/2018-19 : |h[electronic resource]|bhealth research roadmap II - capturing innovation to produce better health and health care for Canadians |
| 260 | |aOttawa - Ontario : |bCanadian Institutes of Health Research |cc2015. |
| 300 | |a39p.|bcoloured figs., references, tables, photographs |
| 590 | |a15-13|b2015-03-27 |
| 690 | 07|aStrategic management|2gcpds |
| 690 | 07|aHealth policy|2gcpds |
| 775 | 08|tInstitut de recherche en santé du Canada - plan stratégique 2014-2015 / 2018-2019 : |w(CaOODSP)9.644161 |
| 776 | 0#|tCIHR strategic plan 2014-15/2018-19 : |w(CaOODSP)9.677947 |
| 776 | 0#|tPlan stratégique 2014-2015/2018-2019 : |w(CaOODSP)9.677948 |
| 856 | 40|ahttp://publications.gc.ca|qPDF|s2.22 MB|uhttps://publications.gc.ca/collections/collection_2015/irsc-cihr/MR4-38-2015-eng.pdf |